[Event "Cammeray Norths op"]
[Site "Cammeray"]
[Date "2011.01.06"]
[Round "5"]
[White "Watson, Robert A"]
[Black "Xu, Jerry"]
[Result "1-0"]
[WhiteElo "1621"]
[BlackElo "1566"]
[PlyCount "73"]
[EventDate "2011.01.02"]
[EventType "swiss"]
[EventRounds "7"]
[EventCountry "AUS"]
[SourceTitle "EXT 2013"]
[Source "ChessBase"]
[SourceDate "2012.11.22"]
[SourceVersion "1"]
[SourceVersionDate "2012.11.22"]
[SourceQuality "1"]

1. d4 d5 2. Nf3 Nf6 3. e3 e6 4. Bd3 c5 5. b3 Nc6 6. Nbd2 cxd4 7. exd4 Nb4 8. Bb5+ Bd7 9. Bxd7+ Qxd7 10. a3 Nc6 11. 0-0 Bd6 12. Bb2 0-0 13. Ne5 Qc7 14. Qe2 Rfe8 15. f4 Qb6 16. Ndf3 Ne4 17. Rac1 f6 18. Nxc6 bxc6 19. Nd2 Nxd2 20. Qxd2 c5 21. Rf3 c4 22. Kh1 Rab8 23. b4 a5 24. c3 Qc6 25. Rcf1 Re7 26. Qf2 Rbe8 27. g4 Rf7 28. Qh4 Qc7 29. Rh3 Bxf4 30. Qxh7+ Kf8 31. Qg6 Ke7 32. Rh7 Bh6 33. Bc1 Bxc1 34. Rxf6 Ref8 35. Rxg7 Ke8 36. Rgxf7 Bh6 37. Rxc7+ 1-0

[Event "Cammeray Norths op"]
[Site "Cammeray"]
[Date "2011.01.03"]
[Round "2"]
[White "Liu, Steven Hern"]
[Black "Xu, Jerry"]
[Result "0-1"]
[WhiteElo "1702"]
[BlackElo "1566"]
[PlyCount "78"]
[EventDate "2011.01.02"]
[EventType "swiss"]
[EventRounds "7"]
[EventCountry "AUS"]
[SourceTitle "EXT 2013"]
[Source "ChessBase"]
[SourceDate "2012.11.22"]
[SourceVersion "1"]
[SourceVersionDate "2012.11.22"]
[SourceQuality "1"]

1. d4 d5 2. c4 c6 3. cxd5 cxd5 4. Nc3 Nc6 5. Nf3 Nf6 6. Bf4 a6 7. e3 Bg4 8. Be2 Bxf3 9. Bxf3 e6 10. 0-0 Be7 11. Rc1 0-0 12. Na4 Bd6 13. Bxd6 Qxd6 14. a3 Na5 15. Be2 b5 16. Nc5 Nd7 17. b4 Nc4 18. Bxc4 dxc4 19. Qf3 Nxc5 20. bxc5 Qd5 21. Qxd5 exd5 22. Rb1 f5 23. g3 Rfb8 24. Rb2 a5 25. Rfb1 c3 26. Rb3 b4 27. a4 Kf7 28. Kf1 g5 29. Ke2 Re8 30. Kf3 Kf6 31. Rh1 Re4 32. Rbb1 Rb8 33. Rb3 h5 34. Rc1 Rh8 35. Rbb1 Rhe8 36. Rc2 f4 37. gxf4 gxf4 38. Re1 fxe3 39. fxe3 Rxd4 0-1

[Event "Doeberl Cup Major 48th"]
[Site "Canberra"]
[Date "2010.04.04"]
[Round "5"]
[White "Xu, Jerry"]
[Black "Feng, Thomas"]
[Result "1-0"]
[WhiteElo "1539"]
[BlackElo "1680"]
[PlyCount "67"]
[EventDate "2010.04.02"]
[EventType "swiss"]
[EventRounds "7"]
[EventCountry "AUS"]
[SourceTitle "EXT 2012"]
[Source "ChessBase"]
[SourceDate "2011.11.24"]
[SourceVersion "1"]
[SourceVersionDate "2011.11.24"]
[SourceQuality "1"]

1. e4 e6 2. d4 d5 3. Nd2 Nf6 4. Bd3 c5 5. c3 Nc6 6. Ngf3 Qb6 7. dxc5 Bxc5 8. 0-0 Bd6 9. Re1 Qc7 10. Qe2 dxe4 11. Nxe4 Nxe4 12. Qxe4 Bd7 13. Bg5 f6 14. Bh4 0-0-0 15. Bc4 e5 16. Rad1 Ne7 17. Qe2 g5 18. Bxg5 fxg5 19. Nxg5 Rdf8 20. Rxd6 Qxd6 21. Rd1 Qc6 22. Rxd7 Kxd7 23. Bb5 Ng6 24. Bxc6+ Kxc6 25. Qc4+ Kb6 26. a4 Rc8 27. Qb5+ Kc7 28. Ne6+ Kd6 29. Ng5 Rc7 30. g3 Rd8 31. Qb4+ Kc6 32. Qc4+ Kd6 33. Qe6+ Kc5 34. b4# 1-0

[Event "Doeberl Cup Major 47th"]
[Site "Canberra"]
[Date "2009.04.12"]
[Round "5"]
[White "Canfell, Mike J"]
[Black "Xu, Jerry"]
[Result "0-1"]
[WhiteElo "1932"]
[BlackElo "1489"]
[PlyCount "98"]
[EventDate "2009.04.10"]
[EventType "swiss"]
[EventRounds "6"]
[EventCountry "AUS"]
[SourceTitle "CBM 129 Extra"]
[Source "ChessBase"]
[SourceDate "2009.05.05"]
[SourceVersion "2"]
[SourceVersionDate "2009.05.20"]
[SourceQuality "1"]

1. e4 c5 2. Nf3 d6 3. d4 cxd4 4. Nxd4 Nf6 5. Nc3 a6 6. f3 e5 7. Nb3 Be6 8. Be3 Be7 9. Qd2 Qc7 10. 0-0-0 Nbd7 11. g4 b5 12. g5 Nh5 13. Ne2 Nb6 14. Ng3 g6 15. Nxh5 gxh5 16. Kb1 Rc8 17. h4 Nc4 18. Bxc4 bxc4 19. Nc1 c3 20. bxc3 a5 21. f4 Qb7+ 22. Ka1 Rb8 23. Nd3 Qxe4 24. Rb1 0-0 25. Rxb8 Rxb8 26. Rb1 Rxb1+ 27. Kxb1 Qc4 28. Nc1 a4 29. Qd3 Qc6 30. f5 Bc4 31. Qd2 d5 32. Nd3 d4 33. cxd4 Qb5+ 34. Ka1 exd4 35. Bxd4 Qxf5 36. Qc3 Qf1+ 37. Ne1 Qe2 38. Kb2 Be6 39. Bh8 Bf8 40. Qe5 Qc4 41. Nd3 Qxa2+ 42. Kc1 Qa3+ 43. Kd2 Qd6 44. Kc3 Qc6+ 45. Kd2 Qd6 46. Kc3 Qxe5+ 47. Bxe5 a3 48. Nc1 Bc5 49. Bg3 a2 0-1

[Event "Doeberl Cup Major 47th"]
[Site "Canberra"]
[Date "2009.04.11"]
[Round "4"]
[White "Xu, Jerry"]
[Black "Lane, Clive"]
[Result "1/2-1/2"]
[WhiteElo "1489"]
[BlackElo "1621"]
[PlyCount "62"]
[EventDate "2009.04.10"]
[EventType "swiss"]
[EventRounds "6"]
[EventCountry "AUS"]
[SourceTitle "CBM 129 Extra"]
[Source "ChessBase"]
[SourceDate "2009.05.05"]
[SourceVersion "2"]
[SourceVersionDate "2009.05.20"]
[SourceQuality "1"]

1. c4 c5 2. Nf3 Nc6 3. Nc3 g6 4. g3 Bg7 5. Bg2 Nf6 6. d4 cxd4 7. Nxd4 0-0 8. 0-0 Nxd4 9. Qxd4 d6 10. Qd3 Nd7 11. b3 Qa5 12. Bb2 Ne5 13. Qd2 Nc6 14. Rfd1 Bf5 15. Rac1 Rfd8 16. h3 h5 17. e4 Bc8 18. Nd5 Qxd2 19. Rxd2 Bxb2 20. Rxb2 Rb8 21. a3 Kf8 22. Bf1 Ne5 23. Kg2 Be6 24. Rbc2 Rbc8 25. Be2 Ke8 26. Nf4 Bd7 27. Nd3 Bc6 28. f3 Nxd3 29. Bxd3 Bd7 30. Be2 Rc7 31. h4 Rdc8 1/2-1/2

[Event "Doeberl Cup Major 47th"]
[Site "Canberra"]
[Date "2009.04.10"]
[Round "2"]
[White "Xu, Jerry"]
[Black "Boyce, Jamie"]
[Result "0-1"]
[WhiteElo "1489"]
[BlackElo "1866"]
[PlyCount "126"]
[EventDate "2009.04.10"]
[EventType "swiss"]
[EventRounds "6"]
[EventCountry "AUS"]
[SourceTitle "CBM 129 Extra"]
[Source "ChessBase"]
[SourceDate "2009.05.05"]
[SourceVersion "2"]
[SourceVersionDate "2009.05.20"]
[SourceQuality "1"]

1. c4 e6 2. Nc3 d5 3. cxd5 exd5 4. d4 c6 5. Qc2 Bd6 6. e3 Nf6 7. Bd3 0-0 8. Nge2 Re8 9. 0-0 Nbd7 10. Bd2 Nf8 11. f3 Qc7 12. h3 Nh5 13. e4 dxe4 14. fxe4 Bh2+ 15. Kh1 Ng3+ 16. Nxg3 Bxg3 17. e5 Qd8 18. Ne4 Qh4 19. Bg5 Qh5 20. Nxg3 Qxg5 21. Ne4 Qh4 22. Qf2 Qxf2 23. Rxf2 Be6 24. Nd6 Re7 25. Raf1 Bxa2 26. Bc4 Bxc4 27. Nxc4 Ne6 28. Nd6 Rf8 29. Rd2 Rd7 30. Ra1 a6 31. Ra3 Rb8 32. Kg1 Nc7 33. Ne4 Nb5 34. Rad3 Rbd8 35. Nc5 Re7 36. Kf2 Rd5 37. Na4 h6 38. Nb6 Rd8 39. Kf3 Re6 40. Kf4 Nc7 41. Na4 Nd5+ 42. Kf3 f6 43. Nc5 Re7 44. exf6 Nxf6 45. Rb3 Rb8 46. Nxa6 Rf8 47. Rdd3 Ne4+ 48. Ke2 Nc5+ 49. Kd2 Nxb3+ 50. Rxb3 bxa6 51. Rb6 Rd8 52. Rxc6 Rxd4+ 53. Kc3 Ra4 54. b3 Ra2 55. g4 Re3+ 56. Kc4 Rc2+ 57. Kd5 Rxc6 58. Kxc6 Rxb3 59. Kc5 a5 60. Kc4 a4 61. Kc5 Rb8 62. g5 a3 63. g6 a2 0-1

[Event "Sydney Centenary U1600"]
[Site "Sydney"]
[Date "2009.01.07"]
[Round "7"]
[White "Xu, Jerry"]
[Black "Edwards, Greig"]
[Result "1-0"]
[WhiteElo "1069"]
[BlackElo "1026"]
[PlyCount "65"]
[EventDate "2009.01.02"]
[EventType "swiss"]
[EventRounds "11"]
[EventCountry "AUS"]
[SourceTitle "EXT 2023"]
[Source "ChessBase"]
[SourceDate "2022.10.05"]
[SourceVersion "1"]
[SourceVersionDate "2022.10.05"]
[SourceQuality "1"]

1. e4 e5 2. Nf3 Nc6 3. Bc4 Nf6 4. d4 d5 5. exd5 e4 6. dxc6 exf3 7. Qxf3 b6 8. d5 Be7 9. 0-0 0-0 10. Nc3 Bg4 11. Qg3 Bd6 12. Qh4 h6 13. h3 g5 14. Qxh6 Bf5 15. Qxg5+ Bg6 16. Bd3 Kh7 17. Qh6+ Kg8 18. Bxg6 fxg6 19. Qxg6+ Kh8 20. Bg5 Qe7 21. Rfe1 Qf7 22. Qxf6+ Qxf6 23. Bxf6+ Rxf6 24. Re6 Rf7 25. Rae1 Raf8 26. Ne4 Rf4 27. f3 Rg8 28. Nxd6 Kh7 29. Re7+ Kg6 30. R1e6+ Kh5 31. Rh7+ Kg5 32. Ne4+ Kf5 33. Rh5+ 1-0

[Event "Sydney Centenary U1600"]
[Site "Sydney"]
[Date "2009.01.05"]
[Round "6"]
[White "Spirov, Tony"]
[Black "Xu, Jerry"]
[Result "0-1"]
[WhiteElo "1311"]
[BlackElo "1069"]
[PlyCount "80"]
[EventDate "2009.01.02"]
[EventType "swiss"]
[EventRounds "11"]
[EventCountry "AUS"]
[SourceTitle "EXT 2023"]
[Source "ChessBase"]
[SourceDate "2022.10.05"]
[SourceVersion "1"]
[SourceVersionDate "2022.10.05"]
[SourceQuality "1"]

1. d4 d5 2. c4 e6 3. Nf3 Nf6 4. e3 Be7 5. cxd5 exd5 6. Bd3 0-0 7. 0-0 Bg4 8. h3 Bh5 9. Nbd2 Nbd7 10. Qc2 Bd6 11. Ng5 h6 12. Ngf3 Rc8 13. b3 c5 14. Qb1 cxd4 15. exd4 Re8 16. a4 Bb4 17. Ba3 Qa5 18. Bxb4 Qxb4 19. a5 Rc3 20. Ra4 Qd6 21. g4 Nxg4 22. hxg4 Bxg4 23. Ne5 Bh3 24. Rc1 Qf6 25. Nef3 Qf4 26. Bf1 Qg4+ 27. Kh2 Re2 28. Ne4 Rxf3 29. Ra2 Bxf1 30. Rc8+ Nf8 31. Qxf1 Rxa2 32. Rc3 dxe4 33. Rxf3 Qxf3 34. Kg1 Rd2 35. b4 Rd1 36. Qxd1 Qxd1+ 37. Kg2 Kh7 38. b5 Kg6 39. d5 Kg5 40. d6 Kg4 0-1

[Event "Sydney Centenary U1600"]
[Site "Sydney"]
[Date "2009.01.04"]
[Round "4"]
[White "Smirnov, Anton"]
[Black "Xu, Jerry"]
[Result "1/2-1/2"]
[WhiteElo "1440"]
[BlackElo "1069"]
[PlyCount "109"]
[EventDate "2009.01.02"]
[EventType "swiss"]
[EventRounds "11"]
[EventCountry "AUS"]
[SourceTitle "EXT 2023"]
[Source "ChessBase"]
[SourceDate "2022.10.05"]
[SourceVersion "1"]
[SourceVersionDate "2022.10.05"]
[SourceQuality "1"]

1. e4 c5 2. Nf3 d6 3. d4 cxd4 4. Nxd4 Nf6 5. Nc3 a6 6. Be2 e6 7. 0-0 Be7 8. Be3 0-0 9. f3 e5 10. Nb3 Be6 11. f4 Qc7 12. f5 Bc4 13. Bxc4 Qxc4 14. Qd3 Qxd3 15. cxd3 Nc6 16. Bg5 Nd7 17. Bxe7 Nxe7 18. Ne2 d5 19. Rac1 Rac8 20. Ng3 d4 21. Nd2 Nc5 22. Rf3 Na4 23. Rxc8 Rxc8 24. Nc4 b5 25. Nxe5 f6 26. Ng4 Nxb2 27. e5 Rc1+ 28. Nf1 Nd5 29. exf6 Nxf6 30. Nxf6+ gxf6 31. Rf4 Nxd3 32. Rxd4 Ne5 33. h3 Kg7 34. Kf2 Rc2+ 35. Rd2 Rxd2+ 36. Nxd2 a5 37. Ke3 Kh6 38. Ne4 Kg7 39. Nd6 b4 40. Nb7 a4 41. Nc5 Nc4+ 42. Kd4 Nb2 43. Nd3 b3 44. axb3 a3 45. Nc1 Kf7 46. Na2 Ke7 47. g4 Nd1 48. h4 h6 49. Ke4 Kd6 50. Kf4 Kc5 51. g5 hxg5+ 52. hxg5 Kd6 53. gxf6 Kd7 54. Ke5 Ne3 55. Kd4 1/2-1/2